000 00609nam a2200241Ia 4500
003 OSt
005 20220912151842.0
006 a|||||r|||| 00| 0
007 ta
008 220909b |||||||| |||| 00| 0 eng d
024 _a57063
037 _cTextual
040 _aCSL
_beng
_cCSL
041 _aeng
082 _aL45:421, M2
100 _aShankar P S
245 0 _aPulmonary tuberculosis
260 _aNew Delhi
_b Sunil Printers
_c1982
300 _a136p.
_ccm.
650 _aRespiratory System
942 _hL45:421, M2
_cTEXL
_2CC
999 _c76051
_d76051